000 00262nam a22001217a 4500
008 170707b xxu||||| |||| 00| 0 eng d
041 _aeng
080 _a003
100 _a23
101 _aENC
245 _aTHE WORLD BOOK ENCYCLOPEDIA
_cBACH
942 _2udc
_cBK
999 _c20098
_d20098